<?xml version="1.0" encoding="UTF-8"?>
<collection xmlns="http://www.loc.gov/MARC21/slim">
 <record>
  <leader>02094naa a2200373   4500</leader>
  <controlfield tag="001">1819043304</controlfield>
  <controlfield tag="003">DE-627</controlfield>
  <controlfield tag="005">20221017153446.0</controlfield>
  <controlfield tag="007">cr uuu---uuuuu</controlfield>
  <controlfield tag="008">221017s2016    xx |||||oo    00| ||fre c</controlfield>
  <datafield tag="035" ind1=" " ind2=" ">
   <subfield code="a">(DE-627)1819043304</subfield>
  </datafield>
  <datafield tag="035" ind1=" " ind2=" ">
   <subfield code="a">(DE-599)KXP1819043304</subfield>
  </datafield>
  <datafield tag="040" ind1=" " ind2=" ">
   <subfield code="a">DE-627</subfield>
   <subfield code="b">ger</subfield>
   <subfield code="c">DE-627</subfield>
   <subfield code="e">rda</subfield>
  </datafield>
  <datafield tag="041" ind1=" " ind2=" ">
   <subfield code="a">fre</subfield>
  </datafield>
  <datafield tag="084" ind1=" " ind2=" ">
   <subfield code="a">Kunst</subfield>
   <subfield code="q">DE-16</subfield>
   <subfield code="2">fid</subfield>
  </datafield>
  <datafield tag="100" ind1="1" ind2=" ">
   <subfield code="a">Des Courtils, Jacques</subfield>
   <subfield code="e">VerfasserIn</subfield>
   <subfield code="0">(DE-588)142322687</subfield>
   <subfield code="0">(DE-627)704199246</subfield>
   <subfield code="0">(DE-576)168517418</subfield>
   <subfield code="4">aut</subfield>
  </datafield>
  <datafield tag="245" ind1="1" ind2="0">
   <subfield code="a">[Rezension von: Emanuele Greco (Hrsg.), Topografia di Atene]</subfield>
   <subfield code="c">Rezension von Jacques des Courtils</subfield>
  </datafield>
  <datafield tag="264" ind1=" " ind2="1">
   <subfield code="c">2016-01-28</subfield>
  </datafield>
  <datafield tag="300" ind1=" " ind2=" ">
   <subfield code="b">Illustrationen</subfield>
  </datafield>
  <datafield tag="336" ind1=" " ind2=" ">
   <subfield code="a">Text</subfield>
   <subfield code="b">txt</subfield>
   <subfield code="2">rdacontent</subfield>
  </datafield>
  <datafield tag="337" ind1=" " ind2=" ">
   <subfield code="a">Computermedien</subfield>
   <subfield code="b">c</subfield>
   <subfield code="2">rdamedia</subfield>
  </datafield>
  <datafield tag="338" ind1=" " ind2=" ">
   <subfield code="a">Online-Ressource</subfield>
   <subfield code="b">cr</subfield>
   <subfield code="2">rdacarrier</subfield>
  </datafield>
  <datafield tag="655" ind1=" " ind2="7">
   <subfield code="a">Rezension</subfield>
   <subfield code="0">(DE-588)4049712-4</subfield>
   <subfield code="0">(DE-627)106186019</subfield>
   <subfield code="0">(DE-576)209083166</subfield>
   <subfield code="2">gnd-content</subfield>
  </datafield>
  <datafield tag="773" ind1="0" ind2="8">
   <subfield code="i">Enthalten in</subfield>
   <subfield code="t">Histara</subfield>
   <subfield code="d">[S.l.] : [s.n.], 2007</subfield>
   <subfield code="g">(2016) vom: 28. Jan.</subfield>
   <subfield code="h">Online-Ressource</subfield>
   <subfield code="w">(DE-627)559842473</subfield>
   <subfield code="w">(DE-600)2414889-1</subfield>
   <subfield code="w">(DE-576)28138259X</subfield>
   <subfield code="7">nnns</subfield>
  </datafield>
  <datafield tag="773" ind1="1" ind2="8">
   <subfield code="g">year:2016</subfield>
   <subfield code="g">day:28</subfield>
   <subfield code="g">month:01</subfield>
  </datafield>
  <datafield tag="787" ind1="0" ind2="8">
   <subfield code="i">Rezension von</subfield>
   <subfield code="a">Greco, Emanuele</subfield>
   <subfield code="t">Topografia di Atene ; 3,1: Tom. 3. Quartieri a nord e a nord-est dell'Acropoli e Agora del Ceramico: Quartieri a nord e a nord-est dell'Acropoli</subfield>
   <subfield code="d">Atene - Paestum : Pandemos, 2014</subfield>
   <subfield code="h">S. 589 - 847</subfield>
   <subfield code="w">(DE-627)1499478739</subfield>
   <subfield code="w">(DE-576)429478739</subfield>
  </datafield>
  <datafield tag="787" ind1="0" ind2="8">
   <subfield code="i">Rezension von</subfield>
   <subfield code="a">Greco, Emanuele</subfield>
   <subfield code="t">Topografia di Atene ; 3,2: Tom. 3. Quartieri a nord e a nord-est dell'Acropoli e Agora del Ceramico: Agora del Ceramico</subfield>
   <subfield code="d">Atene - Paestum : Pandemos, 2014</subfield>
   <subfield code="h">S. 849 - 1210</subfield>
   <subfield code="w">(DE-627)149947900X</subfield>
   <subfield code="w">(DE-576)42947900X</subfield>
  </datafield>
  <datafield tag="787" ind1="0" ind2="8">
   <subfield code="i">Rezension von</subfield>
   <subfield code="a">Greco, Emanuele</subfield>
   <subfield code="t">Topografia di Atene ;  4: Ceramico, Diplyon e Accademia</subfield>
   <subfield code="d">Atene - Paestum : Pandemos, 2014</subfield>
   <subfield code="h">S. 1217 - 1578</subfield>
   <subfield code="w">(DE-627)1499479239</subfield>
   <subfield code="w">(DE-576)429479239</subfield>
  </datafield>
  <datafield tag="856" ind1="4" ind2="0">
   <subfield code="u">http://histara.sorbonne.fr/cr.php?cr=2582</subfield>
   <subfield code="x">Verlag</subfield>
   <subfield code="z">kostenfrei</subfield>
   <subfield code="3">Volltext</subfield>
  </datafield>
  <datafield tag="936" ind1="u" ind2="w">
   <subfield code="j">2016</subfield>
   <subfield code="b">28</subfield>
   <subfield code="c">1</subfield>
  </datafield>
  <datafield tag="951" ind1=" " ind2=" ">
   <subfield code="a">AR</subfield>
  </datafield>
  <datafield tag="994" ind1=" " ind2=" ">
   <subfield code="u">http://histara.sorbonne.fr/cr.php?cr=2582</subfield>
  </datafield>
  <datafield tag="991" ind1=" " ind2=" ">
   <subfield code="a">Rezension (Monographie, Zeitschrift, Aufsatz)</subfield>
  </datafield>
  <datafield tag="999" ind1=" " ind2=" ">
   <subfield code="a">KXP-PPN1819043304</subfield>
   <subfield code="e">4200646587</subfield>
  </datafield>
 </record>
</collection>
